LEADER 02860nam 2200601 450 001 9910480194703321 005 20170821165831.0 010 $a0-8218-7639-2 010 $a0-8218-5400-3 035 $a(CKB)3240000000069579 035 $a(EBL)3112952 035 $a(SSID)ssj0000712493 035 $a(PQKBManifestationID)11383297 035 $a(PQKBTitleCode)TC0000712493 035 $a(PQKBWorkID)10645418 035 $a(PQKB)10103049 035 $a(MiAaPQ)EBC3112952 035 $a(WaSeSS)Ind00039285 035 $a(PPN)197103715 035 $a(EXLCZ)993240000000069579 100 $a19860317h19861986 uy| 0 101 0 $aeng 135 $aur|n|---||||| 181 $ctxt 182 $cc 183 $acr 200 00$aDifferential analysis in infinite dimensional spaces $eproceedings of an AMS special session held August 8-10, 1983, with partial support from the NSERC (Canada) /$fKondagunta Sundaresan and Srinivasa Swaminathan, editors 210 1$aProvidence, Rhode Island :$cAmerican Mathematical Society,$d[1986] 210 4$dİ1986 215 $a1 online resource (138 p.) 225 1 $aContemporary mathematics,$x0271-4132 ;$vvolume 54 300 $a"Proceedings of the Special Session on Differential Analysis in Infinite Dimensional Spaces ... held at the 87th Summer Meeting of the American Mathematical Society in Albany, New York"--Verso of title page. 311 $a0-8218-5059-8 320 $aIncludes bibliographies. 327 $a""Contents""; ""Preface""; ""The Impact of Gauge Theories on Nonlinear Infinite Dimensional Analysis""; ""Polar Subsets in Infinite Dimensional Spaces - Small Sets in Large Spaces""; ""Approximation of Differentiable Functions on a Hilbert Space, II""; ""Group Analysis of Some Partial Differential Equations Arising in Applications""; ""Minimax Inequalities and Applications""; ""Slices for Actions of Infinite Dimensional Groups""; ""Convex Functions on Banach Lattices""; ""Differential Analysis and Geometry of Banach Spaces - Isomorphism Theory""; ""A Survey of Rough Norms with Applications"" 410 0$aContemporary mathematics (American Mathematical Society) ;$vvolume 54. 606 $aComplex manifolds$vCongresses 606 $aDifferentiable manifolds$vCongresses 608 $aElectronic books. 615 0$aComplex manifolds 615 0$aDifferentiable manifolds 676 $a514/.74 702 $aSundaresan$b Kondagunta$f1931- 702 $aSwaminathan$b Srinivasa 712 02$aAmerican Mathematical Society, 712 12$aSpecial Session on Differential Analysis in Infinite Dimensional Spaces$f(1983 :$eAlbany, N.Y.), 801 0$bMiAaPQ 801 1$bMiAaPQ 801 2$bMiAaPQ 906 $aBOOK 912 $a9910480194703321 996 $aDifferential analysis in infinite dimensional spaces$9336294 997 $aUNINA